বঙ্গের ভূপ্রকৃতি ও জৈনধর্ম / (Record no. 2786)
[ view plain ]
| 000 -LEADER | |
|---|---|
| fixed length control field | 01207nam a22002297a 4500 |
| 003 - CONTROL NUMBER IDENTIFIER | |
| control field | BD-DhJNU |
| 005 - DATE AND TIME OF LATEST TRANSACTION | |
| control field | 20260512034356.0 |
| 008 - FIXED-LENGTH DATA ELEMENTS--GENERAL INFORMATION | |
| fixed length control field | 260512b |||||||| |||| 00| 0 eng d |
| 020 ## - INTERNATIONAL STANDARD BOOK NUMBER | |
| International Standard Book Number | 9789393833068 |
| 040 ## - CATALOGING SOURCE | |
| Original cataloging agency | BD-DhJNU |
| Language of cataloging | BEN |
| Transcribing agency | BD-DhJNU |
| Modifying agency | BD-DhJNU |
| 082 ## - DEWEY DECIMAL CLASSIFICATION NUMBER | |
| Edition number | 23 |
| Classification number | 555.414 |
| 242 ## - TRANSLATION OF TITLE BY CATALOGING AGENCY | |
| Title | Geography of Bengal and Jainism / |
| Statement of responsibility, etc. | Dipankar Parui (Editor) |
| 245 ## - TITLE STATEMENT | |
| Title | বঙ্গের ভূপ্রকৃতি ও জৈনধর্ম / |
| Statement of responsibility, etc. | দীপঙ্কর পাড়ুই (সম্পাদনা) |
| 260 ## - PUBLICATION, DISTRIBUTION, ETC. | |
| Place of publication, distribution, etc. | কলকাতা : |
| Name of publisher, distributor, etc. | খড়ি প্রকাশনী, |
| Date of publication, distribution, etc. | 2022. |
| 300 ## - PHYSICAL DESCRIPTION | |
| Extent | ৩৮৪ পৃ. : |
| Other physical details | চিত্র ; |
| Dimensions | ২২ সেমি.। |
| 504 ## - BIBLIOGRAPHY, ETC. NOTE | |
| Bibliography, etc. note | গ্রন্থপঞ্জিগত নির্দেশিকা ও নিঘন্ট অন্তভূক্ত |
| 650 ## - SUBJECT ADDED ENTRY--TOPICAL TERM | |
| Topical term or geographic name entry element | জৈনধর্ম -- পশ্চিমবঙ্গ -- ইতিহাস |
| 650 ## - SUBJECT ADDED ENTRY--TOPICAL TERM | |
| Topical term or geographic name entry element | বাংলা -- প্রত্নতাত্ত্বিক নিদর্শন |
| 650 ## - SUBJECT ADDED ENTRY--TOPICAL TERM | |
| Topical term or geographic name entry element | ভৌগোলিক ধারণা -- ভারত -- ইতিহাস |
| 700 ## - ADDED ENTRY--PERSONAL NAME | |
| Personal name | পাড়ুই, দীপঙ্কর |
| Relator term | সম্পাদনা |
| 942 ## - ADDED ENTRY ELEMENTS (KOHA) | |
| Source of classification or shelving scheme | Dewey Decimal Classification |
| Koha item type | Books |
| Suppress in OPAC | No |
| Withdrawn status | Lost status | Source of classification or shelving scheme | Damaged status | Not for loan | Collection | Home library | Current library | Shelving location | Date acquired | Source of acquisition | Total checkouts | Full call number | Barcode | Date last seen | Copy number | Price effective from | Koha item type |
|---|---|---|---|---|---|---|---|---|---|---|---|---|---|---|---|---|---|
| Dewey Decimal Classification | Non-fiction | Jagannath University Central Library | Jagannath University Central Library | General stacks | 05/12/2026 | Purchase | 555.414 GEO | JNUCL36056 | 05/12/2026 | 1 | 05/12/2026 | Books |